| 000 | 00516nam a2200181Ia 4500 | ||
|---|---|---|---|
| 005 | 20260415160348.0 | ||
| 008 | 008 250505s9999 xx 000 0 eng d | ||
| 037 | _aTextual | ||
| 040 |
_aFEDL _beng _cFEDL |
||
| 041 |
_aeng _2eng |
||
| 084 |
_a808.1 RIC _qFEDL |
||
| 100 |
_aRichmond W Kenneth _991331 |
||
| 245 | 0 | _aPoetry and the people | |
| 260 |
_aLondon, UK _bGeorge Routledge and Sons Ltd _c1947 |
||
| 300 | _av,247p | ||
| 942 |
_cTEXL _h808.1 RIC |
||
| 999 |
_c1322117 _d1322117 |
||